Letras de los villancicos que se cantaron en la sancta iglesia de Puebla en los maytines del Corpus Christi de este año

Detalles Bibliográficos
Autor principal: DALLO Y LANA, Miguel Mateo
Formato: Libro
Publicado: Puebla 1689
Materias:
Colección:Banco de datos
Acervo:Biblioteca Nacional de Antropología e Historia. Fondo Conventual
Tema general:Música
Notas:Buena. XII i,4,23. Miscelánea de 30 obras.
LEADER 00756nam a22001930004500
035 |a 12984 
036 |a 530 
100 1 |a DALLO Y LANA, Miguel Mateo 
245 1 0 |a Letras de los villancicos que se cantaron en la sancta iglesia de Puebla en los maytines del Corpus Christi de este año 
260 |a Puebla  |b Diego Fernández  |c 1689 
500 |a Buena. XII i,4,23. Miscelánea de 30 obras. 
650 1 0 |a Música 
949 |a B.N.A.H. 
959 |a Biblioteca Nacional de Antropología e Historia. Ciudad de México  |b CCC1 
960 |a Colección General de B.N.A.H. de la ciudad de México  |b DD58 
961 |a Varias Ordenes Religiosas  |b VO 
942 |c B.N.A.H. 
943 |g Biblioteca Nacional de Antropología e Historia. Fondo Conventual 
999 |c 1037516  |d 1037516